Handbook of Bible lands, (Record no. 6933)

MARC details
000 -LEADER
fixed length control field 00790cam a2200277 4500
001 - CONTROL NUMBER
control field 3195286
003 - CONTROL NUMBER IDENTIFIER
control field GBCCL
005 - DATE AND TIME OF LATEST TRANSACTION
control field 20241126110615.0
008 - FIXED-LENGTH DATA ELEMENTS--GENERAL INFORMATION
fixed length control field 690603s1969 cauab b 001 0 eng
010 ## -
-- 77080446
040 ## - CATALOGING SOURCE
Original cataloging agency DLC
Transcribing agency DLC
Modifying agency DLC
043 ## -
-- aw-----
050 00 -
-- BS630
-- .D8
082 00 - DEWEY DECIMAL CLASSIFICATION NUMBER
Classification number 220.91
Item number DUF
100 1# - MAIN ENTRY--PERSONAL NAME
Personal name Duffield, Guy P.,
Dates associated with a name 1909-
9 (RLIN) 12351
245 10 - TITLE STATEMENT
Title Handbook of Bible lands,
Statement of responsibility, etc. by Guy P. Duffield.
260 ## - PUBLICATION, DISTRIBUTION, ETC.
Place of publication, distribution, etc. Glendale, Calif.,
Name of publisher, distributor, etc. G/L Regal Books
Date of publication, distribution, etc. [1969]
300 ## - PHYSICAL DESCRIPTION
Extent 186 p.
Other physical details illus., maps.
Dimensions 18 cm.
350 ## - PRICE (NR) (BK AM CF MU VM SE) [OBSOLETE]
Price 1.65
504 ## - BIBLIOGRAPHY, ETC. NOTE
Bibliography, etc. note Bibliography: p. 181-182.
630 #0 - SUBJECT ADDED ENTRY--UNIFORM TITLE
Uniform title Bible
General subdivision Geography.
9 (RLIN) 1570
651 #0 - SUBJECT ADDED ENTRY--GEOGRAPHIC NAME
Geographic name Middle East
General subdivision Guidebooks.
9 (RLIN) 12352
740 ## -
-- Bible lands.
906 ## - LOCAL DATA ELEMENT F, LDF (RLIN)
a 7
b cbc
c orignew
d u
e ncip
f 19
g y-gencatlg
942 ## - ADDED ENTRY ELEMENTS (KOHA)
Source of classification or shelving scheme Dewey Decimal Classification
Koha item type Books
Koha issues (borrowed), all copies 1
Holdings
Withdrawn status Lost status Source of classification or shelving scheme Damaged status Not for loan Home library Current Library Shelving location Date acquired Total checkouts Full call number Barcode Date last seen Date last checked out Copy number Price effective from Koha item type
    Dewey Decimal Classification     GRACE BIBLE COLLEGE GRACE BIBLE COLLEGE Biblical Studies 2018-07-04 1 220.91 DUF 009596 2025-05-01 2024-05-17 c.1 2018-07-04 Books
© Grace Bible College Library 2025